Nur Jahan (Record no. 11630)

MARC details
000 -LEADER
fixed length control field 00689nam a2200265 a 4500
020 ## - INTERNATIONAL STANDARD BOOK NUMBER
ISBN 0194882
082 00 - DEWEY DECIMAL CLASSIFICATION NUMBER
Classification number 954.092072
Author Cutter FIN
100 ## - MAIN ENTRY--AUTHOR NAME
Author name Findly, Ellison Banks
245 ## - TITLE STATEMENT
Title Nur Jahan
Sub title Empress of Mughal India
260 ## - PUBLICATION, DISTRIBUTION, ETC. (IMPRINT)
Place of publication Londan
Name of publisher Oxford University Press
Year of publication 1993
300 ## - PHYSICAL DESCRIPTION
Number of Pages 407p
500 ## - GENERAL NOTE
General note includes index and biblioraphy
505 2# - FORMATTED CONTENTS NOTE
Formatted contents note Index
650 ## - SUBJECT ADDED ENTRY--TOPICAL TERM
Topical Term Women-Biography
650 ## - SUBJECT ADDED ENTRY--TOPICAL TERM
Topical Term Mughal Biography
650 ## - SUBJECT ADDED ENTRY--TOPICAL TERM
Topical Term Nur Jahan-Biography
942 ## - ADDED ENTRY ELEMENTS (KOHA)
Koha item type Books
700 1# -
-- Findly, Ellison Banks
Holdings
Collection code Home library Current library Date acquired Cost, normal purchase price Full call number Accession Number Koha item type
  Henry Martyn Institute Library Henry Martyn Institute Library 08/01/2007 100.00 954.092072 FIN 015477 Books
                   Copyright © 2026 | Henry Martyn Institute | Hyderabad | TS-500052 | INDIA | Implemented by hmi.edu.in
Hit-Count:

Powered by Koha